<?xml version="1.0" encoding="UTF-8"?><?xml-stylesheet type="text/xsl" href="static/style.xsl"?><OAI-PMH xmlns="http://www.openarchives.org/OAI/2.0/" xmlns:xsi="http://www.w3.org/2001/XMLSchema-instance" xsi:schemaLocation="http://www.openarchives.org/OAI/2.0/ http://www.openarchives.org/OAI/2.0/OAI-PMH.xsd"><responseDate>2026-06-03T09:37:20Z</responseDate><request verb="GetRecord" identifier="oai:riuma.uma.es:10630/15235" metadataPrefix="marc">https://riuma.uma.es/rest/oai/request</request><GetRecord><record><header><identifier>oai:riuma.uma.es:10630/15235</identifier><datestamp>2026-02-03T10:21:38Z</datestamp><setSpec>com_10630_1685</setSpec><setSpec>col_10630_38055</setSpec></header><metadata><record xmlns="http://www.loc.gov/MARC21/slim" xmlns:dcterms="http://purl.org/dc/terms/" xmlns:doc="http://www.lyncode.com/xoai" xmlns:xsi="http://www.w3.org/2001/XMLSchema-instance" xsi:schemaLocation="http://www.loc.gov/MARC21/slim http://www.loc.gov/standards/marcxml/schema/MARC21slim.xsd">
   <leader>00925njm 22002777a 4500</leader>
   <datafield ind2=" " ind1=" " tag="042">
      <subfield code="a">dc</subfield>
   </datafield>
   <datafield ind2=" " ind1=" " tag="720">
      <subfield code="a">Navarro Cigales, Carmen Luisa</subfield>
      <subfield code="e">author</subfield>
   </datafield>
   <datafield ind2=" " ind1=" " tag="260">
      <subfield code="c">2018-02-22</subfield>
   </datafield>
   <datafield ind2=" " ind1=" " tag="520">
      <subfield code="a">Para la implantación, desarrollo, manejo y uso de los contenidos del curso se llevará a cabo una investigación que dé como fruto el soporte o herramienta sobre la que se depositará on-line dicho curso. Se estudiarán varias posibilidades, como uso de plataformas y/o Sistemas Gestores de Contenidos (CMS).&#xd;
Con este proyecto se pretende introducir un sistema de aprendizaje online para facilitar el desarrollo y publicación de una revista digital educativa en el que puedan participar diferentes sectores académicos y en los que se concreten los tres siguientes puntos: &#xd;
Diseño gráfico: se deben manejar las herramientas necesarias para manipular cualquier objeto que se pueda maquetar para su futura divulgación.&#xd;
Integración de las publicaciones en la web: se deben manejar varios recursos Web's como fuentes de conversión a formato digital.&#xd;
Creación de una revista digital: ser realizará una revista digital, mediante una publicación en formato página Web, que integre aspectos conceptuales, procedimentales y actitudinales de diferentes áreas del conocimiento, siempre que se aporte la utilización de las TIC en la construcción del conocimiento. Para ello se articularán diversos contenidos software en el trabajo de composición, edición y distribución de la revista.&#xd;
Todo ello estará soportado bajo un curso online on recursos, materiales y actividades que serán detallados y explicados a través de una plataforma Moodle.</subfield>
   </datafield>
   <datafield ind1="8" ind2=" " tag="024">
      <subfield code="a">https://hdl.handle.net/10630/15235</subfield>
   </datafield>
   <datafield tag="653" ind2=" " ind1=" ">
      <subfield code="a">Publicaciones periódicas electrónicas - Estudio y enseñanza</subfield>
   </datafield>
   <datafield tag="653" ind2=" " ind1=" ">
      <subfield code="a">Informática - Trabajos Fin de Grado</subfield>
   </datafield>
   <datafield tag="653" ind2=" " ind1=" ">
      <subfield code="a">Grado en Ingeniería de Computadores - Trabajos Fin de Grado</subfield>
   </datafield>
   <datafield ind2="0" ind1="0" tag="245">
      <subfield code="a">Creación de una revista digital educativa on-line</subfield>
   </datafield>
</record>
</metadata></record></GetRecord></OAI-PMH>